000 02687cam a22005177a 4500
003 CHAP
005 20220329133655.0
008 971013s1993 r 00010 d
010 _a9330
011 _a10302
035 _a9539
040 _cCHAP
082 _a630.83
_bM49c 1991 Mich.
110 _aInstituto Nacional de Estadística, Geografía e Informática. México
_959304
245 0 _aCenso agropecuario, 1991 (7) : Michoacán resultados definitivos
260 _aAguascalientes, Ags :
_bINEGI,
_c1993-
300 _av.
500 _aLa biblioteca tiene: v.1 Censo ejidal -- v.2 Censo agropecuario -- v.3 Censo agrícola-ganadero -- v.4 Panorama agropecuario
590 _aBATCH-UPD
_b10
_c20130110
_lUCH01
_h0139
590 _aBATCH-UPD
_b10
_c20130110
_lUCH01
_h1655
590 _aBATCH-UPD
_b10
_c20130409
_lUCH01
_h2136
590 _aBATCH-UPD
_b10
_c20130410
_lUCH01
_h1044
590 _aBATCH-UPD
_b10
_c20130913
_lUCH01
_h2045
590 _aCONVERSION
_b10
_c20130109
_lUCH01
_h1306
650 1 4 _aAgricultura
_xEstadísticas
_zMichoacán.
_91456
650 1 4 _aBosques
_zMichoacán.
_914418
650 1 4 _aEjidos
_xMichoacán.
_936018
650 1 4 _aGanadería
_xEstadísticas
_zMichoacán.
_944715
650 1 4 _aMaquinaria agrícola
_xEstadísticas.
_971170
650 1 4 _aProductos agrícolas
_xEstadísticas.
_991939
650 1 4 _aProductos pecuarios
_xEstadísticas.
_992167
901 _aBK
942 _cLIBRO
949 _a630.83 M49c 1991 Mich.
_bBC
_cINEGI
_d33724000395372
_eINEGI
_fv.3 Pte.3
_h87485
_i9539
_si
949 _a630.83 M49c 1991 Mich.
_bBC
_cINEGI
_d33724000538104
_eINEGI
_fv.1 c.4
_h86942
_i9539
_si
949 _a630.83 M49c 1991 Mich.
_bBC
_cINEGI
_d33724000558490
_eINEGI
_fv.3 Pte.3 c.2
_gI. c/e
_h88239
_i9539
_si
_t50.00
949 _a630.83 M49c 1991 Mich.
_bBC
_cINEGI
_d33724000558516
_eINEGI
_fv.1 c.3
_gI. c/e
_h85767
_i9539
_si
949 _a630.83 M49c 1991 Mich.
_bBC
_cINEGI
_d33724000559076
_eINEGI
_fv.1 c.2
_gI. c/e
_h85766
_i9539
_si
949 _a630.83 M49c 1991 Mich.
_bBC
_cINEGI
_d33724000607073
_eINEGI
_fv.3 Pte.1 c.2
_h87483
_i9539
_sb
949 _a630.83 M49c 1991 Mich.
_bBC
_cINEGI
_d33724000642369
_eINEGI
_fv.4
_gI. c/e
_h88236
_i9539
_si
_t21.00
949 _a630.83 M49c 1991 Mich.
_bBC
_cINEGI
_d33724000644183
_eINEGI
_fv.3 Pte.2
_h87484
_i9539
_si
949 _a630.83 M49c 1991 Mich.
_bBC
_cINEGI
_d33724000678850
_eINEGI
_fv.2
_h87482
_i9539
_si
949 _a630.83 M49c 1991 Mich.
_bBC
_cINEGI
_d33724000721478
_eINEGI
_fv.3 Pte.1
_gI. c/e
_h88237
_i9539
_si
_t62.00
949 _a630.83 M49c 1991 Mich.
_bBC
_cINEGI
_d33724000730453
_eINEGI
_fv.3 Pte.2 c.2
_gI. c/e
_h88238
_i9539
_si
_t62.00
949 _a630.83 M49c 1991 Mich.
_bBC
_cINEGI
_d33724000749206
_eINEGI
_fv.1
_gI. c/e
_h85765
_i9539
_sb
999 _c9330
_d9330